| 000 | 00912nam a2200121Ia 4500 | ||
|---|---|---|---|
| 008 | 220620s9999||||xx |||||||||||||| ||und|| | ||
| 100 | _aÅkerström, Malin||Jacobsson, Katarina||Andersson Cederholm, Erika||Wästerfors, David | ||
| 245 | 0 |
_aHidden Attractions of Administration _bThe Peculiar Appeal of Meetings and Documents |
|
| 546 | _aEnglish[eng] | ||
| 650 | _aadministration||administrative work||attractions||bureaucratization||documents||Eigendynamik||emotional attrativeness||emotional sociology||human service organizations||meetings||meeting cultures||moral conflicts||New Public Management||pressure from above||pressure from below||Simmel||sociology of organizations||sociology of work||working life||work dynamics | ||
| 856 | _uhttps://library.oapen.org/bitstream/20.500.12657/47882/1/9781000392272.pdf||https://library.oapen.org/bitstream/20.500.12657/47882/1/9781000392272.pdf | ||
| 942 | _cEB | ||
| 999 |
_c26731 _d26731 |
||